000 00391nam a2200145Ia 4500
005 20250405112222.0
008 240331s9999 xx 000 0 und d
082 _bSUB
_a894
100 _aSubramaniam, A.V
245 0 _aBharathi kanda kavithaith thalaivi
260 _aChennai
_bVanathi Pathippagam
_c1982
300 _a232 p .,
650 _aBharathi Kanda puthumai pen Kavithai
942 _cL
999 _c3772
_d3772